000 00518nam a2200181 a 4500
005 20140412111422.0
008 080122s19uu xx 00 eng d
020 _a983-187-231-2
050 _aTR(GS 428.4
_bM11 2006
100 _aMah, May S.M.
245 _aRick and his tricks /
_cMay S.M. Mah.
260 _aMalaysia :
_bRhythm pub,
_c2006.
300 _a24p.
440 _aPhonics in reading: Series 2
520 _aIntroduces words ending with consonant diagraph CK.
650 _aPhonics
999 _c106095
_d106095